Bhutan First Level Subdivisions - Statistics

General Stats
  • This quiz has been taken 191 times
  • The average score is 7 of 20
Answer Stats
Dzongkhag % Correct
Thimphu
86%
Haa
50%
Paro
47%
Gasa
41%
Trashigang
38%
Bumthang
33%
Zhemgang
33%
Chukha
31%
Trashiyangtse
31%
Trongsa
29%
Mongar
28%
Punakha
28%
Tsirang
28%
Dagana
26%
Lhuntse
26%
Samtse
26%
Sarpang
26%
Pemagatshel
24%
Samdrup Jongkhar
22%
Wangdue Phodrang
22%
No matching quizzes found
Score Distribution
Percent of People with Each Score
Percentile by Number Answered
Your Score History
You have not taken this quiz